| 000 | 00566nam a2200181Ia 4500 | ||
|---|---|---|---|
| 008 | 151202s9999||||xx |||||||||||||| ||und|| | ||
| 082 | _bPNVM-81729 | ||
| 100 | _aसदाकाळ उत्तम. | ||
| 245 | _aसोंगाड्या. | ||
| 260 | _b"सुपर्ण प्रकाशन, पुणे." | ||
| 260 | _c2013 | ||
| 300 | _a199 | ||
| 600 | _aसदाकाळ उत्तम. | ||
| 630 | _aसोंगाड्या. | ||
| 700 | _aसदाकाळ उत्तम. | ||
| 730 | _aसोंगाड्या. | ||
| 942 | _cBOOK | ||
| 999 |
_c1346337 _d1346334 |
||